Countries That End in U - Statistics

General Stats
  • This quiz has been taken 37 times
  • The average score is 4 of 5
Answer Stats
Country % Correct
Nauru
91%
Tuvalu
86%
Palau
83%
Vanuatu
83%
Peru
60%
No matching quizzes found
Score Distribution
Percent of People with Each Score
Percentile by Number Answered
Your Score History
You have not taken this quiz